000 00315nam a2200145Ia 4500
100 _aKreyszig/ Erwin
942 _cBK
654 _aengg. Mathematics
245 _aAdvanced engg. Mathematics
260 _bJohn wiley
_aNew York
_c1988
082 _a610
_bKre
300 _a1294
546 _aENGLISH
999 _c33656
_d33656